| 000 | 00967nam a2200265Ia 4500 | ||
|---|---|---|---|
| 003 | OSt | ||
| 005 | 20220925204008.0 | ||
| 006 | a|||||r|||| 00| 0 | ||
| 007 | ta | ||
| 008 | 220923b |||||||| |||| 00| 0 eng d | ||
| 020 |
_a3631555571 _c2189.6399999999999 |
||
| 037 |
_b67, 29/07/2008, Bharatiya Sahitya Bhavana _cGeneral Book |
||
| 040 |
_aRTL _cRTL _beng |
||
| 041 |
_2eng _aeng |
||
| 082 | _aX65:72, P6 | ||
| 100 |
_aBreisinger Clemens _9267530 |
||
| 245 | 0 |
_aModelling infrastructure investments growth and poverty impact _b A two-region computable general equilibrium perspective in Vietnam. |
|
| 260 |
_aFrankfurt _bPeter lang _c2006 |
||
| 300 |
_axxiii, 174p _ccm. |
||
| 490 | _aDevelopment Economic and Policy, 56 | ||
| 500 | _aBibliography: P. 137-51; Appendix: P.153-74 | ||
| 650 | _aCommerce | ||
| 942 |
_hX65:72, P6 _cGB _2CC |
||
| 999 |
_c548315 _d548315 |
||